[Event "Almunecar FEDC op 23th"]
[Site "Almunecar"]
[Date "2019.09.30"]
[Round "3"]
[White "Martinez Lopez Cozar, Manuel"]
[Black "Hurtado de Mendoza, Ramon"]
[Result "1/2-1/2"]
[WhiteElo "1468"]
[BlackElo "1575"]
[PlyCount "80"]
[EventDate "2019.09.28"]
[EventType "swiss"]
[EventRounds "7"]
[EventCountry "ESP"]
[SourceTitle "EXT 2024"]
[Source "ChessBase"]
[SourceDate "2023.10.10"]
[SourceVersion "1"]
[SourceVersionDate "2023.10.10"]
[SourceQuality "1"]

1. e4 c6 2. d4 d5 3. Nc3 dxe4 4. Nxe4 Bf5 5. Nc5 Qc7 6. Bd3 Bxd3 7. Nxd3 e6 8. Nf3 Nf6 9. 0-0 Bd6 10. h3 0-0 11. Re1 Nbd7 12. Bd2 Rfe8 13. c4 c5 14. Rc1 b6 15. Bg5 h6 16. Bxf6 Nxf6 17. dxc5 Bxc5 18. Nxc5 Qxc5 19. Re5 Qe7 20. Qc2 Rac8 21. b3 Rc7 22. Re2 Rec8 23. Nd4 Ne8 24. Qb2 Rc5 25. Rce1 Qf6 26. Rd1 Nd6 27. Nxe6 Qxb2 28. Rxb2 fxe6 29. Rxd6 R5c6 30. Rbd2 R8c7 31. Rxc6 Rxc6 32. Rd8+ Kh7 33. Rd7 a6 34. f4 Kg6 35. Kf2 Kf6 36. Ke3 a5 37. g4 g5 38. Rd4 e5 39. fxe5+ Kxe5 40. Rd5+ Kf6 1/2-1/2

[Event "Benidorm FEDC op 22th"]
[Site "Benidorm"]
[Date "2019.06.12"]
[Round "4"]
[White "Barroso Vilanova, Daniel"]
[Black "Martinez Lopez Cozar, Manuel"]
[Result "1-0"]
[WhiteElo "1542"]
[BlackElo "1485"]
[PlyCount "35"]
[EventDate "2019.06.09"]
[EventType "swiss"]
[EventRounds "7"]
[EventCountry "ESP"]
[SourceTitle "EXT 2024"]
[Source "ChessBase"]
[SourceDate "2023.10.10"]
[SourceVersion "1"]
[SourceVersionDate "2023.10.10"]
[SourceQuality "1"]

1. b3 b6 2. Bb2 Bb7 3. Nf3 Nf6 4. g3 g6 5. Bg2 Bg7 6. 0-0 0-0 7. c4 e6 8. e3 d6 9. d4 Nbd7 10. Nc3 Rb8 11. Qe2 Re8 12. Rfd1 a6 13. e4 Qe7 14. Rac1 c5 15. Qd3 cxd4 16. Nxd4 Nc5 17. Qc2 e5 18. Nde2 1-0

[Event "Almunecar FEDC op 21th"]
[Site "Almunecar"]
[Date "2018.10.08"]
[Round "7"]
[White "Martinez Lopez Cozar, Manuel"]
[Black "Pichel Jallas, Juan Jose"]
[Result "0-1"]
[WhiteElo "1481"]
[BlackElo "1781"]
[PlyCount "68"]
[EventDate "2018.10.02"]
[EventType "swiss"]
[EventRounds "7"]
[EventCountry "ESP"]
[SourceTitle "EXT 2024"]
[Source "ChessBase"]
[SourceDate "2023.10.10"]
[SourceVersion "1"]
[SourceVersionDate "2023.10.10"]
[SourceQuality "1"]

1. e4 c5 2. Nf3 e6 3. b3 Nf6 4. Bb2 Nxe4 5. d3 Nf6 6. Be2 Nc6 7. Nbd2 d5 8. 0-0 Bd6 9. d4 cxd4 10. Nxd4 0-0 11. N4f3 e5 12. Bb5 Qc7 13. h3 a6 14. Bxc6 bxc6 15. Re1 Re8 16. Nf1 a5 17. Qe2 Ba6 18. Qd2 c5 19. Rad1 d4 20. c4 Bb7 21. Qc1 e4 22. N3h2 Qc6 23. Qd2 e3 24. fxe3 Ne4 25. Qe2 Ng3 26. Nxg3 Bxg3 27. Rf1 Rxe3 28. Qc2 Rae8 29. Nf3 Re2 30. Qb1 Qh6 31. Bc1 Qh5 32. Bd2 Bc8 33. Be1 Bxh3 34. Rd2 Bxg2 0-1

[Event "Almunecar FEDC op 21th"]
[Site "Almunecar"]
[Date "2018.10.06"]
[Round "5"]
[White "San Isidoro Castillo, Jose"]
[Black "Martinez Lopez Cozar, Manuel"]
[Result "1/2-1/2"]
[WhiteElo "1361"]
[BlackElo "1481"]
[PlyCount "36"]
[EventDate "2018.10.02"]
[EventType "swiss"]
[EventRounds "7"]
[EventCountry "ESP"]
[SourceTitle "EXT 2024"]
[Source "ChessBase"]
[SourceDate "2023.10.10"]
[SourceVersion "1"]
[SourceVersionDate "2023.10.10"]
[SourceQuality "1"]

1. e4 e5 2. Nf3 Nc6 3. Bb5 a6 4. Ba4 Nf6 5. d3 b5 6. Bb3 Be7 7. c3 0-0 8. 0-0 d6 9. h3 Bb7 10. Re1 Na5 11. Bc2 c5 12. Nbd2 Nc6 13. Nf1 Re8 14. Ng3 Bf8 15. Bg5 h6 16. Bxf6 Qxf6 17. Nf5 Rad8 18. d4 Bc8 1/2-1/2

[Event "Benidorm FEDC op 20th"]
[Site "Benidorm"]
[Date "2018.06.13"]
[Round "4"]
[White "Martinez Lopez Cozar, Manuel"]
[Black "Rubio Sebastian, Eladio"]
[Result "1-0"]
[WhiteElo "1478"]
[BlackElo "1140"]
[PlyCount "57"]
[EventDate "2018.06.10"]
[EventType "swiss"]
[EventRounds "7"]
[EventCountry "ESP"]
[SourceTitle "CBM 184 Extra"]
[Source "ChessBase"]
[SourceDate "2018.06.28"]
[SourceVersion "1"]
[SourceVersionDate "2018.06.28"]
[SourceQuality "1"]

1. d4 Nf6 2. c4 d5 3. e3 e6 4. Nf3 c5 5. cxd5 exd5 6. Bb5+ Bd7 7. Bxd7+ Nbxd7 8. Nc3 Be7 9. Qb3 Nb6 10. dxc5 Bxc5 11. Qb5+ Nfd7 12. b4 Be7 13. a3 0-0 14. Nxd5 Nxd5 15. Qxd5 Qc8 16. 0-0 Nf6 17. Qb3 Ne4 18. Bb2 Bf6 19. Rac1 Qd8 20. Rfd1 Qb6 21. Bd4 Bxd4 22. Rxd4 Nf6 23. Rdc4 Qe6 24. Qc2 Rfd8 25. Rc7 b6 26. Ng5 Qe8 27. Nxf7 Rdb8 28. Qc4 Kf8 29. Nd6 1-0

[Event "Benidorm FEDC op 20th"]
[Site "Benidorm"]
[Date "2018.06.12"]
[Round "3"]
[White "Garcia Lorenzo, Jaime"]
[Black "Martinez Lopez Cozar, Manuel"]
[Result "0-1"]
[WhiteElo "1241"]
[BlackElo "1478"]
[PlyCount "110"]
[EventDate "2018.06.10"]
[EventType "swiss"]
[EventRounds "7"]
[EventCountry "ESP"]
[SourceTitle "CBM 184 Extra"]
[Source "ChessBase"]
[SourceDate "2018.06.28"]
[SourceVersion "1"]
[SourceVersionDate "2018.06.28"]
[SourceQuality "1"]

1. d4 d5 2. Nf3 Nf6 3. e3 Bg4 4. Be2 Nbd7 5. b3 g6 6. Bb2 Bg7 7. h3 Bxf3 8. Bxf3 0-0 9. 0-0 e6 10. Nd2 Re8 11. Rc1 c6 12. e4 dxe4 13. Nxe4 Nxe4 14. Bxe4 Qa5 15. a3 Rad8 16. c4 Qb6 17. c5 Qc7 18. b4 Nf6 19. Bd3 Nd5 20. Qf3 Re7 21. b5 Red7 22. Rc4 cxb5 23. Rc2 a6 24. Rfc1 Ne7 25. Be4 Nc6 26. Rd1 Nxd4 27. Bxd4 Bxd4 28. Kf1 Bxc5 29. Rdc1 b6 30. g3 Rd2 31. Kg2 Rxc2 32. Rxc2 Qd6 33. h4 Bxa3 34. Rc6 Qd4 35. Rc7 Rf8 36. h5 Bc5 37. Ra7 a5 38. Bd3 b4 39. h6 b3 40. Ra8 a4 41. Rxf8+ Bxf8 42. Bb1 a3 43. Qxb3 Qd5+ 44. Qf3 Qxf3+ 45. Kxf3 Bxh6 46. Ke2 Kf8 47. Kd1 Kg7 48. Kc2 Kf6 49. Kb3 Bf8 50. f4 g5 51. Bxh7 e5 52. fxg5+ Kxg5 53. Be4 Kg4 54. Bd5 f6 55. Kc4 a2 0-1

[Event "Benidorm FEDC op 20th"]
[Site "Benidorm"]
[Date "2018.06.10"]
[Round "1"]
[White "Septien Lopez, Valeriano"]
[Black "Martinez Lopez Cozar, Manuel"]
[Result "1-0"]
[WhiteElo "1854"]
[BlackElo "1478"]
[PlyCount "67"]
[EventDate "2018.06.10"]
[EventType "swiss"]
[EventRounds "7"]
[EventCountry "ESP"]
[SourceTitle "CBM 184 Extra"]
[Source "ChessBase"]
[SourceDate "2018.06.28"]
[SourceVersion "1"]
[SourceVersionDate "2018.06.28"]
[SourceQuality "1"]

1. e4 d6 2. d4 g6 3. Nc3 Bg7 4. Nf3 Bg4 5. Bc4 e6 6. h3 Bxf3 7. gxf3 Ne7 8. Be3 Nbc6 9. Qd2 Qd7 10. 0-0-0 a6 11. d5 exd5 12. exd5 Ne5 13. Be2 f5 14. f4 Nf7 15. Bd4 Bxd4 16. Qxd4 0-0 17. h4 c5 18. Qe3 Kg7 19. h5 Rh8 20. Rdg1 Rae8 21. Qg3 Reg8 22. Qh4 Re8 23. Bf3 b5 24. h6+ Kf8 25. Re1 a5 26. Qf6 Rg8 27. Re6 b4 28. Nd1 Rd8 29. Rhe1 Nc8 30. Ne3 a4 31. Nc4 Qc7 32. Na5 g5 33. Nc6 Rg6 34. Nxd8 1-0

[Event "Almunecar FEDC op 19th"]
[Site "Almunecar"]
[Date "2017.10.05"]
[Round "6.13"]
[White "Martinez Lopez Cozar, Manuel"]
[Black "Garcia Diaz, Jose"]
[Result "0-1"]
[WhiteElo "1532"]
[BlackElo "1467"]
[PlyCount "56"]
[EventDate "2017.09.30"]
[EventType "swiss"]
[EventRounds "7"]
[EventCountry "ESP"]
[SourceTitle "EXT 2024"]
[Source "ChessBase"]
[SourceDate "2023.10.10"]
[SourceVersion "1"]
[SourceVersionDate "2023.10.10"]
[SourceQuality "1"]

1. d4 d5 2. Nf3 h6 3. c4 c6 4. e3 Nf6 5. Nc3 e6 6. a3 Qa5 7. Bd2 Qd8 8. Be2 Bd6 9. 0-0 Nbd7 10. Rc1 0-0 11. Bd3 e5 12. cxd5 cxd5 13. dxe5 Nxe5 14. Be2 Bg4 15. Nxe5 Bxe2 16. Qxe2 Bxe5 17. Rfd1 h5 18. h3 Re8 19. Be1 d4 20. Nb5 Qb6 21. Qd3 dxe3 22. fxe3 Rad8 23. Qe2 Nd5 24. Bf2 a6 25. e4 Nf4 26. Bxb6 Nxe2+ 27. Kf1 Nxc1 28. Rxd8 Rxd8 0-1

[Event "Almunecar FEDC op 19th"]
[Site "Almunecar"]
[Date "2017.10.03"]
[Round "4.13"]
[White "Martinez Lopez Cozar, Manuel"]
[Black "San Isidoro Castillo, Jose"]
[Result "1/2-1/2"]
[WhiteElo "1532"]
[BlackElo "1397"]
[PlyCount "28"]
[EventDate "2017.09.30"]
[EventType "swiss"]
[EventRounds "7"]
[EventCountry "ESP"]
[SourceTitle "EXT 2024"]
[Source "ChessBase"]
[SourceDate "2023.10.10"]
[SourceVersion "1"]
[SourceVersionDate "2023.10.10"]
[SourceQuality "1"]

1. e4 e5 2. Nf3 d6 3. Bc4 Be7 4. Nc3 Nf6 5. h3 c6 6. 0-0 0-0 7. d3 Nbd7 8. Be3 h6 9. Re1 Nb6 10. Bb3 Qc7 11. Qe2 Re8 12. a3 Bf8 13. Rac1 Be6 14. Bxe6 Rxe6 1/2-1/2

[Event "Benidorm op 18th"]
[Site "Benidorm"]
[Date "2017.06.15"]
[Round "5"]
[White "Martinez Lopez Cozar, Manuel"]
[Black "Moyano Losilla, Jose"]
[Result "1/2-1/2"]
[WhiteElo "1548"]
[BlackElo "1795"]
[PlyCount "36"]
[EventDate "2017.06.11"]
[EventType "swiss"]
[EventRounds "7"]
[EventCountry "ESP"]
[SourceTitle "EXT 2018"]
[Source "ChessBase"]
[SourceDate "2017.10.13"]
[SourceVersion "1"]
[SourceVersionDate "2017.10.13"]
[SourceQuality "1"]

1. d4 g6 2. c4 Bg7 3. Nc3 Nf6 4. e4 d6 5. Nf3 0-0 6. Be2 e5 7. dxe5 dxe5 8. Qxd8 Rxd8 9. Bg5 Re8 10. Bxf6 Bxf6 11. Nd5 Bd8 12. 0-0 c6 13. Ne3 Nd7 14. Rfd1 Nc5 15. Bd3 a5 16. Bc2 Bf6 17. Rd2 Be6 18. Rad1 Kg7 1/2-1/2

[Event "Benidorm op 18th"]
[Site "Benidorm"]
[Date "2017.06.14"]
[Round "4"]
[White "Espadina Solano, Jaime E"]
[Black "Martinez Lopez Cozar, Manuel"]
[Result "1-0"]
[WhiteElo "1713"]
[BlackElo "1548"]
[PlyCount "61"]
[EventDate "2017.06.11"]
[EventType "swiss"]
[EventRounds "7"]
[EventCountry "ESP"]
[SourceTitle "EXT 2018"]
[Source "ChessBase"]
[SourceDate "2017.10.13"]
[SourceVersion "1"]
[SourceVersionDate "2017.10.13"]
[SourceQuality "1"]

1. e4 e5 2. Nf3 Nc6 3. Bb5 a6 4. Bxc6 dxc6 5. 0-0 Bg4 6. h3 Bh5 7. d3 Bc5 8. g4 Bg6 9. Nxe5 Qh4 10. Kg2 Bd6 11. Nf3 Qe7 12. e5 Bc5 13. Bg5 f6 14. exf6 Qf8 15. Qe1+ Kd7 16. fxg7 Qxg7 17. Qc3 Qxc3 18. Nxc3 Re8 19. Rfe1 Rxe1 20. Rxe1 Ne7 21. Ne4 Bxe4 22. dxe4 Rg8 23. Bxe7 Bxe7 24. Rd1+ Ke6 25. Nd4+ Kf7 26. Nf5 Ke6 27. Nxe7 Kxe7 28. f4 h6 29. Kf3 Ke6 30. e5 Rf8 31. Ke4 1-0

[Event "Almunecar FEDC op 17th"]
[Site "Almunecar"]
[Date "2016.10.01"]
[Round "7"]
[White "Jimenez Mahillo, David"]
[Black "Martinez Lopez Cozar, Manuel"]
[Result "1-0"]
[WhiteElo "1324"]
[BlackElo "1635"]
[PlyCount "53"]
[EventDate "2016.09.25"]
[EventType "swiss"]
[EventRounds "7"]
[EventCountry "ESP"]
[SourceTitle "EXT 2017"]
[Source "ChessBase"]
[SourceDate "2016.10.25"]
[SourceVersion "1"]
[SourceVersionDate "2016.10.25"]
[SourceQuality "1"]

1. e4 e5 2. Nf3 Nc6 3. Bc4 Bc5 4. 0-0 Nf6 5. d3 h6 6. Nc3 d6 7. h3 0-0 8. a3 Bb6 9. Bd2 Re8 10. Re1 a6 11. Nd5 Ba7 12. Be3 Bxe3 13. Nxe3 Ne7 14. c3 c6 15. Ba2 Ng6 16. Nf5 Bxf5 17. exf5 Nf4 18. Nh4 N6d5 19. Nf3 Ne7 20. f6 Nxh3+ 21. gxh3 gxf6 22. Nh4 Kh7 23. Bxf7 Rf8 24. Qh5 Ng8 25. Qg6+ Kh8 26. Nf5 Qd7 27. Qg7# 1-0

[Event "Sabadell Coral Colon op 10th"]
[Site "Sabadell"]
[Date "2016.02.05"]
[Round "3"]
[White "Lopez Atalaya Faine, Josep"]
[Black "Martinez Lopez Cozar, Manuel"]
[Result "1-0"]
[WhiteElo "1829"]
[BlackElo "1631"]
[PlyCount "46"]
[EventDate "2016.01.22"]
[EventType "swiss"]
[EventRounds "9"]
[EventCountry "ESP"]
[SourceTitle "EXT 2017"]
[Source "ChessBase"]
[SourceDate "2016.10.25"]
[SourceVersion "1"]
[SourceVersionDate "2016.10.25"]
[SourceQuality "1"]

1. d4 Nf6 2. c4 e5 3. dxe5 Ng4 4. Bf4 Nc6 5. Nf3 Bb4+ 6. Nc3 Bxc3+ 7. bxc3 Qe7 8. Qd5 Qa3 9. Rc1 Qe7 10. h3 Nh6 11. e4 Ng8 12. Nd4 Qf8 13. Nb5 Kd8 14. e6 fxe6 15. Bxc7+ Ke8 16. Nd6+ Ke7 17. Nxc8+ Qxc8 18. Bd6+ Kf7 19. Qh5+ g6 20. Qf3+ Kg7 21. Bd3 Qe8 22. Rb1 Qc8 23. 0-0 Nge7 1-0

[Event "FEDC Cup Div/1 16th"]
[Site "Cambrils"]
[Date "2015.11.27"]
[Round "6.1"]
[White "Palacios Perez, Manuel"]
[Black "Martinez Lopez Cozar, Manuel"]
[Result "1-0"]
[WhiteElo "2198"]
[BlackElo "1649"]
[PlyCount "59"]
[EventDate "2015.11.22"]
[EventType "team-tourn"]
[EventRounds "7"]
[EventCountry "ESP"]
[SourceTitle "CBM 169 Extra"]
[Source "ChessBase"]
[SourceDate "2015.12.18"]
[SourceVersion "1"]
[SourceVersionDate "2015.12.18"]
[SourceQuality "1"]
[WhiteTeam "Tarragona"]
[BlackTeam "Barcelona II"]
[WhiteTeamCountry "ESP"]
[BlackTeamCountry "ESP"]

1. d4 Nf6 2. Nf3 e6 3. c4 d5 4. g3 Nbd7 5. Bg2 Be7 6. 0-0 0-0 7. Qc2 c6 8. b3 b6 9. Nc3 Bb7 10. Rd1 Rc8 11. e4 dxe4 12. Ng5 h6 13. Ngxe4 Re8 14. Bb2 Qc7 15. Rac1 Nxe4 16. Qxe4 Nf6 17. Qf3 Rb8 18. Qe2 Qc8 19. Na4 Rd8 20. d5 Ne8 21. Re1 Bf6 22. dxe6 fxe6 23. Bxf6 Nxf6 24. Qxe6+ Kh8 25. Qxc8 Rbxc8 26. Re7 Rd7 27. Rxd7 Nxd7 28. Bh3 Rd8 29. Rd1 Bc8 30. Nc3 1-0

[Event "FEDC Cup Div/1 16th"]
[Site "Cambrils"]
[Date "2015.11.23"]
[Round "2.2"]
[White "Pelaez Carrasco, Jesus"]
[Black "Martinez Lopez Cozar, Manuel"]
[Result "0-1"]
[WhiteElo "1558"]
[BlackElo "1649"]
[PlyCount "96"]
[EventDate "2015.11.22"]
[EventType "team-tourn"]
[EventRounds "7"]
[EventCountry "ESP"]
[SourceTitle "CBM 169 Extra"]
[Source "ChessBase"]
[SourceDate "2015.12.18"]
[SourceVersion "1"]
[SourceVersionDate "2015.12.18"]
[SourceQuality "1"]
[WhiteTeam "Pais Vasco"]
[BlackTeam "Barcelona II"]
[WhiteTeamCountry "ESP"]
[BlackTeamCountry "ESP"]

1. e4 e5 2. Nf3 Nc6 3. Bc4 Bc5 4. c3 Nf6 5. d4 Bb6 6. dxe5 Nxe4 7. Qd5 Bxf2+ 8. Kf1 0-0 9. Qxe4 Bb6 10. Ng5 g6 11. h4 Qe7 12. Nf3 d6 13. h5 Bf5 14. Qh4 Qxh4 15. Nxh4 Nxe5 16. Bb3 Bd3+ 17. Ke1 Rae8 18. Kd2 Be4 19. Re1 Bc6 20. hxg6 hxg6 21. Na3 Bf2 22. Rh1 Bxh4 23. Rxh4 Bxg2 24. Nc4 Nf3+ 25. Kd3 Nxh4 26. Be3 Nf5 27. Bd4 Nxd4 28. cxd4 Re7 29. Ne3 Bf3 30. Rf1 Be4+ 31. Kd2 Rfe8 32. Ng4 Kg7 33. Nf6 Bf5 34. Nd5 Rd7 35. Ba4 c6 36. Ne3 b5 37. Bb3 Be6 38. Bc2 d5 39. Re1 Rde7 40. Rg1 Bd7 41. Re1 Rh8 42. Re2 Rh4 43. Kd3 Rh3 44. Kd2 f5 45. Nxf5+ Bxf5 46. Rxe7+ Kf6 47. Rxa7 Rh2+ 48. Kc3 Rxc2+ 0-1

[Event "Benidorm Ciegos-ch 15th"]
[Site "Benidorm"]
[Date "2015.06.13"]
[Round "7"]
[White "Martinez Lopez Cozar, Manuel"]
[Black "Casado Martin, Antonio"]
[Result "1-0"]
[WhiteElo "1674"]
[BlackElo "1362"]
[PlyCount "45"]
[EventDate "2015.06.07"]
[EventType "swiss"]
[EventRounds "7"]
[EventCountry "ESP"]
[SourceTitle "CBM 167 Extra"]
[Source "ChessBase"]
[SourceDate "2015.09.14"]
[SourceVersion "1"]
[SourceVersionDate "2015.09.14"]
[SourceQuality "1"]

1. d4 f5 2. e4 fxe4 3. Nc3 Nf6 4. Bg5 g6 5. Bxf6 exf6 6. Nxe4 d5 7. Nc3 Be7 8. Nf3 0-0 9. Qd2 c6 10. Bd3 Re8 11. Ne2 Be6 12. 0-0-0 b5 13. c3 a5 14. a3 Nd7 15. h4 Bf7 16. Qc2 Nf8 17. Rdg1 Qd7 18. h5 Kg7 19. hxg6 hxg6 20. Nh4 Qg4 21. Qd2 Nh7 22. Nf5+ Kh8 23. Rxh7+ 1-0

[Event "Benidorm Ciegos-ch 15th"]
[Site "Benidorm"]
[Date "2015.06.11"]
[Round "5"]
[White "Martinez Lopez Cozar, Manuel"]
[Black "Escudero Ocana, Francisco"]
[Result "0-1"]
[WhiteElo "1674"]
[BlackElo "1427"]
[PlyCount "34"]
[EventDate "2015.06.07"]
[EventType "swiss"]
[EventRounds "7"]
[EventCountry "ESP"]
[SourceTitle "CBM 167 Extra"]
[Source "ChessBase"]
[SourceDate "2015.09.14"]
[SourceVersion "1"]
[SourceVersionDate "2015.09.14"]
[SourceQuality "1"]

1. e4 c5 2. Nf3 d6 3. g3 Nc6 4. Bg2 e6 5. Nc3 Nf6 6. d3 h6 7. 0-0 Be7 8. Re1 e5 9. h3 0-0 10. Nd2 Nd4 11. Nc4 Be6 12. Ne3 Qd7 13. Kh2 Rac8 14. Ne2 b6 15. c3 Bxh3 16. cxd4 Bxg2 17. dxe5 Qh3+ 0-1

[Event "Benidorm FEDC op 14th"]
[Site "Benidorm"]
[Date "2014.06.12"]
[Round "5"]
[White "Martinez Lopez Cozar, Manuel"]
[Black "Espadina Solano, Jaime E"]
[Result "0-1"]
[WhiteElo "1668"]
[BlackElo "1736"]
[PlyCount "92"]
[EventDate "2014.06.08"]
[EventType "swiss"]
[EventRounds "7"]
[EventCountry "ESP"]
[SourceTitle "EXT 2016"]
[Source "ChessBase"]
[SourceDate "2015.10.08"]
[SourceVersion "1"]
[SourceVersionDate "2015.10.08"]
[SourceQuality "1"]

1. d4 Nf6 2. c4 g6 3. Nc3 Bg7 4. e4 d6 5. Nf3 0-0 6. Be2 e5 7. dxe5 dxe5 8. Qxd8 Rxd8 9. Bg5 Re8 10. Nd5 Nxd5 11. cxd5 c6 12. Bc4 h6 13. Be3 cxd5 14. Bxd5 Nc6 15. a3 Bg4 16. h3 Bxf3 17. gxf3 Nd4 18. Bxd4 exd4 19. Rb1 Rab8 20. Rg1 Kf8 21. Rc1 Be5 22. b3 Rec8 23. Ke2 Rc3 24. Rxc3 dxc3 25. Kd3 g5 26. Kc2 b5 27. Rg4 Rb6 28. h4 f6 29. hxg5 fxg5 30. f4 Bxf4 31. Kxc3 h5 32. Rg1 h4 33. Rh1 Ke7 34. Kd3 Ra6 35. Kc3 Rxa3 36. Kb2 Ra6 37. Rh3 Be5+ 38. Kb1 Ra1+ 39. Kc2 Ra2+ 40. Kd3 Rxf2 41. Ke3 Rh2 42. Rf3 Bf4+ 43. Kd3 Kd6 44. Bf7 Ke5 45. Bg6 g4 46. Rf1 g3 0-1

[Event "Benidorm Once Cup tt"]
[Site "Benidorm"]
[Date "2011.11.13"]
[Round "1.1"]
[White "Martinez Lopez Cozar, Manuel"]
[Black "Fernandez Lago, David"]
[Result "0-1"]
[WhiteElo "1700"]
[BlackElo "1956"]
[PlyCount "118"]
[EventDate "2011.11.13"]
[EventType "team-tourn"]
[EventRounds "7"]
[EventCountry "ESP"]
[SourceTitle "CBM 145 Extra"]
[Source "ChessBase"]
[SourceDate "2012.01.03"]
[SourceVersion "1"]
[SourceVersionDate "2012.01.03"]
[SourceQuality "1"]
[WhiteTeam "Barcelona II"]
[BlackTeam "Vigo Universidad"]
[WhiteTeamCountry "ESP"]
[BlackTeamCountry "ESP"]

1. d4 Nf6 2. c4 e5 3. dxe5 Ng4 4. Bf4 Nc6 5. Nf3 Bb4+ 6. Nc3 Qe7 7. Qb3 Na5 8. Qc2 Nxc4 9. a3 Bc5 10. Ne4 d5 11. exd6 Bxd6 12. Bxd6 Nxd6 13. Nxd6+ Qxd6 14. Rd1 Qe7 15. e3 0-0 16. Bd3 Nf6 17. 0-0 Bg4 18. Be2 Rad8 19. h3 Bh5 20. Nd4 Bg6 21. Qb3 c5 22. Nb5 a6 23. Nc3 b5 24. Bf3 c4 25. Qb4 Qc7 26. a4 Bd3 27. Rfe1 bxa4 28. Qxa4 Rb8 29. Rd2 Rb6 30. Nd5 Nxd5 31. Bxd5 Qc5 32. Bf3 Qe5 33. Be2 Rxb2 34. Rxb2 Qxb2 35. Bxd3 cxd3 36. Qxa6 d2 37. Rd1 Qc2 38. Qe2 Rd8 39. f3 h5 40. Kf2 Rd3 41. e4 h4 42. e5 Kf8 43. f4 Qc5+ 44. Kf1 Qc4 45. Kg1 Qd4+ 46. Qf2 Ke7 47. Kf1 Qxf2+ 48. Kxf2 Ke6 49. Ke2 Rg3 50. Kf2 Rd3 51. Ke2 Rd4 52. Rxd2 Rxf4 53. Ke3 Rf5 54. Rd4 Rxe5+ 55. Kf3 Rf5+ 56. Kg4 Rf2 57. Re4+ Kd5 58. Rf4 Rxg2+ 59. Kxh4 g5+ 0-1

[Event "Salou op 14th"]
[Site "Salou"]
[Date "2011.06.24"]
[Round "6"]
[White "Garcia Cruz, Francisco"]
[Black "Martinez Lopez Cozar, Manuel"]
[Result "1/2-1/2"]
[WhiteElo "1652"]
[BlackElo "1720"]
[PlyCount "20"]
[EventDate "2011.06.19"]
[EventType "swiss"]
[EventRounds "7"]
[EventCountry "ESP"]
[SourceTitle "CBM 143 Extra"]
[Source "ChessBase"]
[SourceDate "2011.08.29"]
[SourceVersion "1"]
[SourceVersionDate "2011.08.29"]
[SourceQuality "1"]

1. d4 Nf6 2. c4 d5 3. e3 e6 4. Nf3 Be7 5. Nbd2 0-0 6. g3 Nc6 7. a3 Bd7 8. Bg2 Re8 9. 0-0 a6 10. Qc2 h6 1/2-1/2

[Event "Sabadell Coral Colon op 5th"]
[Site "Sabadell"]
[Date "2011.03.11"]
[Round "6"]
[White "Martinez Lopez Cozar, Manuel"]
[Black "Ara Aymani, Emili"]
[Result "1/2-1/2"]
[WhiteElo "1730"]
[BlackElo "1997"]
[PlyCount "27"]
[EventDate "2011.02.04"]
[EventType "swiss"]
[EventRounds "9"]
[EventCountry "ESP"]
[SourceTitle "EXT 2013"]
[Source "ChessBase"]
[SourceDate "2012.11.22"]
[SourceVersion "1"]
[SourceVersionDate "2012.11.22"]
[SourceQuality "1"]

1. d4 Nf6 2. c4 e6 3. Nc3 b6 4. Bg5 Be7 5. e3 Bb7 6. Nf3 h6 7. Bh4 0-0 8. Bd3 d5 9. cxd5 Nxd5 10. Bxe7 Nxe7 11. 0-0 Nd7 12. Rc1 Nf6 13. Re1 Nfd5 14. e4 1/2-1/2

[Event "ESP-chT2 Once"]
[Site "Fuengirola"]
[Date "2009.11.24"]
[Round "3.2"]
[White "Martinez Lopez Cozar, Manuel"]
[Black "Bezanilla Fernandez, Angel"]
[Result "1/2-1/2"]
[WhiteElo "1704"]
[BlackElo "1747"]
[PlyCount "52"]
[EventDate "2009.11.22"]
[EventType "team-tourn"]
[EventRounds "7"]
[EventCountry "ESP"]
[SourceTitle "CBM 133 Extra"]
[Source "ChessBase"]
[SourceDate "2010.01.05"]
[SourceVersion "1"]
[SourceVersionDate "2010.01.05"]
[SourceQuality "1"]

1. d4 Nf6 2. c4 g6 3. Nc3 Bg7 4. e4 d6 5. f3 0-0 6. Bd3 e5 7. d5 Nbd7 8. Be3 Nh5 9. Qd2 f5 10. Bh6 f4 11. Bxg7 Nxg7 12. Be2 Nf6 13. Bd3 c6 14. Qf2 g5 15. Nge2 h5 16. Kd2 g4 17. b4 h4 18. fxg4 Nxg4 19. Qf3 Qb6 20. b5 Nf2 21. Rhf1 Ng4 22. Rh1 Ne3 23. Nd1 Bg4 24. Qf2 Qa5+ 25. Ndc3 Qb6 26. Nd1 Qa5+ 1/2-1/2